My Novohradské noviny
| New Title: | My - Nezávislé noviny pre vašu obec, mesto a región (Lučenec, Poltár, Rimavská Sobota, Veľký Krtíš) |
|---|---|
| Previous Title: | Ipeľ |
| Format: | Journal |
| Language: | Slovak |
| PhysicalDescription: | 32 zv. 35-47 cm |
| Published: |
Lučenec Veľký Krtíš
Národný výbor
1990-2021
Lučenec Okresný úrad Lučenec Mestský úrad Lučenec Pelikán Nitra Masmedia Bratislava Petit Press |
| ISSN: | 1210-0641 1210-1834 |
| Subjects: | |
| Online Access: | www.mynoviny.sk |
MARC
| LEADER | 00000cas a2200000 a 4500 | ||
|---|---|---|---|
| 001 | vtls001467636 | ||
| 003 | SK-MaSNL | ||
| 005 | 20260228161255.0 | ||
| 008 | 090702d19902021xo wr pe 0 0b0slo | ||
| 022 | |a 1210-0641 | ||
| 035 | |a SNK000422941 | ||
| 035 | |a (SVKBB03)vtls000048113 | ||
| 040 | |a SNK |b slo |c SNK |d SVKBB |e AACR2 | ||
| 041 | 0 | |a slo | |
| 043 | |a e-xo--- | ||
| 044 | |a xo |c SK | ||
| 072 | 7 | |a 316 |x Sociológia |2 konspekt | |
| 072 | 7 | |a 35 |x Verejná správa |2 konspekt | |
| 080 | |a 316.728 |2 2011 | ||
| 080 | |a 908(437.6) |2 2011 | ||
| 080 | |a 394 |2 2011 | ||
| 080 | |a (054)-027.541 |2 2011 | ||
| 080 | |a 050 |2 2011 | ||
| 080 | |a 35 |2 2011 | ||
| 210 | 0 | |a Novohrad. nov. | |
| 222 | 0 | |a Novohradské noviny | |
| 245 | 0 | 0 | |a My Novohradské noviny |
| 246 | 1 | 3 | |a Noviny Slovakia |
| 246 | 1 | 1 | |a Nógrádi Szó |
| 246 | 1 | 3 | |a Novohradské noviny |b regionálny týždenník |
| 246 | 0 | 1 | |a Novohradské noviny |b regionálny týždenník pre obyvateľov Novohradu |f 1990-1993 |
| 246 | 0 | 1 | |a My nezávislé noviny pre vašu obec,mesto a región |b Lučenec,Poltár,Rimavská Sobota,Veľký Krtíš |
| 260 | |a Lučenec |a Veľký Krtíš |b Národný výbor |c 1990-2021 | ||
| 260 | 2 | |3 3-26/1991 |a Lučenec |b Okresný úrad | |
| 260 | 2 | |3 27-52/1991 |a Lučenec |b Mestský úrad | |
| 260 | 2 | |3 1992-17/2000 |a Lučenec |b Pelikán | |
| 260 | 2 | |3 18-26/2000 |a Nitra |b Masmedia | |
| 260 | 3 | |3 27/2000-16/2021 |a Bratislava |b Petit Press | |
| 300 | |a 32 zv. |c 35-47 cm | ||
| 310 | |a 1x týždenne | ||
| 362 | 0 | |a Č. 1 (39) (2. okt. 1990)-roč. 32, č. 16 (2021) | |
| 500 | |a Od roč. 12, č. 1-6 (2001) patrí do regionálnej siete Korzár | ||
| 500 | |a Podnázov sa mení, od č.17/2021 : MY nezávislé noviny pre vašu obec, mesto a región | ||
| 500 | |a Registračné číslo: 2446/2000 | ||
| 500 | |a Registračné číslo: OÚ SKO-01/1991 | ||
| 500 | |a Redaktori sa menia | ||
| 500 | |a Od roč. 16, č. 30 (1. aug. - 7. aug. 2005) sa uvádza oficiálny názov My Novohradské noviny | ||
| 500 | |a Vychádza v sieti regionálnych novín MY-sieť regionálnych novín | ||
| 500 | |a Evidenčné číslo: 2803/08 | ||
| 500 | |a Od č. 21/2019 podnázov: Lučenec, Poltár, Rimavská Sobota, Veľký Krtíš | ||
| 500 | |a Od č. 27/2000 patria do vydavateľskej skupiny Petit Press | ||
| 515 | |a Niektoré čísla vychádzajú ako dvojčíslo | ||
| 525 | |a Prílohy : MY Objavuj poklady regiónu ; MY Naše kostoly ; My Kompas fanúšika ; My Trh práce ; My v Európe ; My kam na vysokú školu ; My trh práce a vzdelávanie ; Seniori a kúpele ; My Veľká noc špeciál ; My Ms v hokeji 2019 ; My Krížovky špeciál | ||
| 525 | |a Súčasťou novín je nepredajná príloha My magazín s témami zdravie, hobby, relax, Slovensko a s TV programom | ||
| 650 | 0 | 7 | |a verejný život |2 SNKPH |9 265932 |
| 650 | 0 | 7 | |a spoločenský život |2 SNKPH |9 28654 |
| 650 | 0 | 7 | |a verejná správa |2 SNKPH |9 1538 |
| 651 | 7 | |a Novohrad (Slovensko : región) |2 SNKPH |9 169944 | |
| 655 | 7 | |a regionálne noviny |2 SNKPH |9 265294 | |
| 770 | 0 | |t Nógradi Szó | |
| 780 | 0 | 0 | |t Ipeľ |w vtls001325177 |x 1210-1834 |
| 785 | 0 | 0 | |t My - Nezávislé noviny pre vašu obec, mesto a región (Lučenec, Poltár, Rimavská Sobota, Veľký Krtíš) |
| 852 | |a Štátna vedecká knižnica v Banskej Bystrici | ||
| 856 | 4 | |u www.mynoviny.sk | |
| 910 | |a snk | ||
| 910 | |a svkbb | ||
| 916 | |a 39/1990-16/2021 | ||
| 999 | |c 4890 |d 6820 | ||
| 952 | |0 0 |1 0 |4 0 |7 0 |8 0 |a SNK |b SNK |d 2020-12-15 |i snkČSP 2643/2001 |l 0 |o snkČSA 1016/11/2000/príl. |p 17A0819076 |r 2026-02-21 19:24:46 |t č. 1-50 |w 2026-02-21 |y PREZ |z Príloha: Tele magazín | ||
| 952 | |0 0 |1 0 |4 0 |7 0 |8 0 |a SNK |b SNK |d 2009-09-02 |i snk2009/15686 |l 0 |o snkČSA 1016/17/2006/1 |p 17A0609547 |r 2026-02-21 19:31:10 |t č. 1-26 |w 2026-02-21 |y PREZ | ||
| 952 | |0 0 |1 0 |4 0 |7 0 |8 0 |a SNK |b SNK |d 2009-09-02 |i snk2009/15688 |l 0 |o snkČSA 1016/17/2006/2 |p 17A0609548 |r 2026-02-21 19:31:10 |t č. 27-51 |w 2026-02-21 |y PREZ | ||
| 952 | |0 0 |1 0 |4 0 |7 0 |8 0 |a SNK |b SNK |d 2009-09-02 |i snk2009/15689 |l 0 |o snkČSA 1016/18/2007/1 |p 17A0609549 |r 2026-02-21 19:31:10 |t č. 1-25 |w 2026-02-21 |y PREZ | ||
| 952 | |0 0 |1 0 |4 0 |7 0 |8 0 |a SNK |b SNK |d 2009-09-02 |i snk2009/15706 |l 0 |o snkČSA 1016/19/2008/1 |p 17A0609551 |r 2026-02-21 19:31:12 |t č. 1-25 |w 2026-02-21 |y PREZ | ||
| 952 | |0 0 |1 0 |4 0 |7 0 |8 0 |a SNK |b SNK |d 2009-09-02 |i snk2009/15708 |l 0 |o snkČSA 1016/19/2008/2 |p 17A0609552 |r 2026-02-21 19:31:12 |t č. 26-51 |w 2026-02-21 |y PREZ | ||
| 952 | |0 0 |1 0 |4 0 |7 0 |a SNK |b SNK |d 2023-09-13 |i snkČSP 1134/1998 |l 0 |o snkČSA 1016/7/1996 D1 |p 17A1317054 |r 2026-02-21 19:49:17 |t č. 1-52 |w 2026-02-21 |y PREZ | ||
| 952 | |0 0 |1 0 |4 0 |7 0 |8 0 |a SNK |b SNK |d 2025-02-20 |i snk2025/2965 |l 0 |o snkČSA 1016/32/2021/2 |p 17A1525548 |r 2026-02-21 19:49:23 |t č. 17-34 + príl., neúplné |w 2026-02-21 |y PREZ |z Chýba č. 33 ; ; Č. 17, 18 má uvedený chybný ročník 17/50 ; ; Prílohy: Top ponuky v kocke, Top ponuky leto/jeseň, Čo s letom | ||
| 952 | |0 0 |1 0 |4 0 |7 0 |8 0 |a SNK |b SNK |d 2021-05-24 |i snk2021/5472 |l 0 |o snkČSA 1016/31/2020/2 |p 17A1433149 |r 2026-02-21 20:00:21 |t č. 27-51 + 9 príl. |w 2026-02-21 |y PREZ |z Prílohy: Horúce letné ponuky (v č. 30) ; Kompas fanúšika (v č. 31) ; Leto-jeseň 2020 top ponuky ; Zábavné úlohy pre bystré deti (v č. 36) ; Ako ušetriť (v č. 39) ; Krížovky pre všetkých (v č. 43) ; Prehľa možností štúdia v Banskobystrickom kraji (v č. 48) ; Vianočné úlohy pre bystré deti (v č. 49) ; MY magazín + TV program špeciál (v č. 50/51) | ||
| 952 | |0 0 |1 0 |4 0 |7 0 |8 0 |a SNK |b SNK |d 2023-02-24 |i snk2023/3352 |l 0 |o snkČSA 1016/32/2021/1 |p 17A1465567 |r 2026-02-21 20:02:00 |t č. 1-16 + príl. |w 2026-02-21 |y PREZ |z Prílohy: Špeciál o bývaní, Podporme sa navzájom | ||
| 952 | |0 0 |1 0 |4 0 |7 0 |a SNK |b SNK |d 2002-01-10 |i snkČSP 2805/91 |l 0 |o snkČSA 1016/1990/2 |p 17A0322514 |r 2005-01-02 00:00:00 |t č. 1(39)-12(50) |w 2026-02-21 |y PREZ | ||
| 952 | |0 0 |1 0 |4 0 |7 0 |8 0 |a SNK |b SNK |d 2009-09-02 |i snk2009/15685 |l 0 |o snkČSA 1016/16/2005/2 |p 17A0609546 |r 2026-02-21 20:16:08 |t č. 27-51 |w 2026-02-21 |y PREZ |z Od č. 30- My -Novohradské noviny. | ||
| 952 | |0 0 |1 0 |4 0 |7 0 |8 0 |a SNK |b SNK |d 2009-09-02 |i snk2009/15690 |l 0 |o snkČSA 1016/18/2007/2 |p 17A0609550 |r 2026-02-21 20:16:08 |t č. 26-51 |w 2026-02-21 |y PREZ | ||
| 952 | |0 0 |1 0 |4 0 |7 0 |a SNK |b SNK |d 1998-06-10 |l 0 |o snkČSA 1016/1991 D1 |p 17A0143609 |r 2005-01-02 00:00:00 |t č. 1-52 |w 2026-02-21 |y PREZ | ||
| 952 | |0 0 |1 0 |4 0 |7 0 |a SNK |b SNK |d 2002-11-08 |l 0 |o snkČSA 1016/3/1992 D1 |p 17A0360832 |r 2005-01-02 00:00:00 |t č. 1-52 |w 2026-02-21 |y PREZ | ||
| 952 | |0 0 |1 0 |4 0 |7 0 |a SNK |b SNK |d 2009-07-01 |l 0 |o snkČSA 1016/11/2000 D1 |p 17A0370105 |r 2026-02-21 21:41:20 |t č. 1-52 |w 2026-02-21 |y PREZ | ||
| 952 | |0 0 |1 0 |4 0 |7 0 |8 0 |a SNK |b SNK |d 2009-09-02 |i snk2009/15680 |l 0 |o snkČSA 1016/14/2003/1 |p 17A0609541 |r 2026-02-21 21:41:36 |t č. 1-26 |w 2026-02-21 |y PREZ | ||
| 952 | |0 0 |1 0 |4 0 |7 0 |8 0 |a SNK |b SNK |d 2009-09-02 |i snk2009/15681 |l 0 |o snkČSA 1016/14/2003/2 |p 17A0609542 |r 2026-02-21 21:41:36 |t č. 27-51 + mim. č., neúpl. |w 2026-02-21 |y PREZ |z Chýba č. 28. | ||
| 952 | |0 0 |1 0 |4 0 |7 0 |8 0 |a SNK |b SNK |d 2009-09-02 |i snk2009/15682 |l 0 |o snkČSA 1016/15/2004/1 |p 17A0609543 |r 2026-02-21 21:41:36 |t č. 1-26 |w 2026-02-21 |y PREZ | ||
| 952 | |0 0 |1 0 |4 0 |7 0 |8 0 |a SNK |b SNK |d 2009-09-02 |i snk2009/15683 |l 0 |o snkČSA 1016/15/2004/2 |p 17A0609544 |r 2026-02-21 21:41:36 |t č. 27-52, neúplné |w 2026-02-21 |y PREZ |z Chýba č. 37. | ||
| 952 | |0 0 |1 0 |4 0 |7 3 |8 0 |a SNK |b SNK |d 2009-09-02 |i snk2009/15684 |l 0 |o snkČSA 1016/16/2005/1 |p 17A0789796 |r 2026-02-21 21:41:36 |t č. 1-26, neúplné |w 2026-02-21 |y PREZ |z Chýba č. 20. | ||
| 952 | |0 0 |1 0 |4 0 |7 0 |8 0 |a SNK |b SNK |d 2020-06-05 |i snk2020/9535 |l 0 |o snkČSA 1016/29/2018/1 |p 17A1387581 |r 2026-02-21 22:01:06 |t č. 1-25 + príl. |w 2026-02-21 |y PREZ |z Príl.: č. 1 - Zmeny 2018 ; č. 4 - Vzdelávanie ; č. 6 - Slávni lupiči ; č. 11 - Tradičné recepty ; č. 12 - Poľovníci a rybári č. 14 - Trh práce ; č. 16 - Stavebniny, Česko ; č. 19 - Medzi nami seniormi ; č. 20 - Pivný špeciál, Letná jazda s nami ; | ||
| 952 | |0 0 |1 0 |4 0 |7 0 |8 0 |a SNK |b SNK |d 2020-06-05 |i snk2020/9555 |l 0 |o snkČSA 1016/29/2018/2 |p 17A1387582 |r 2026-02-21 22:01:06 |t č. 26-51 + príl. |w 2026-02-21 |y PREZ |z Príl.: č. 26 - Dobrú chuť ; č. 31 - Kompas fanúšika ; č. 41 - Nové bývanie a úspora energií č. 43 - Komunálne voľby 2018 ; č. 46 - Svatby a slávnostné príležitosti ; č. 47 - Česko ; č. 49 - Najkrajšie koledy a Šťastné Vianoce ; č. 50-51 - Sviatočný magazín | ||
| 952 | |0 0 |1 0 |4 0 |7 0 |8 0 |a SNK |b SNK |d 2020-06-05 |i snk2020/9595 |l 0 |o snkČSA 1016/30/2019/1 |p 17A1387583 |r 2026-02-21 22:01:08 |t č. 1-25 + príl. |w 2026-02-21 |y PREZ |z Príl.: č. 4 -My kam na vysokú školu ; č. 8 -My trh práce a vzdelávanie ;č. 10 - Seniori a kúpele ; č. 13 -My Veľká noc špeciál ; č. 18 - My Ms v hokeji 2019 ; č. 25 - My Krížovky špeciál, My v lete | ||
| 952 | |0 0 |1 0 |4 0 |7 0 |8 0 |a SNK |b SNK |d 2020-06-05 |i snk2020/9643 |l 0 |o snkČSA 1016/30/2019/2 |p 17A1387584 |r 2026-02-21 22:01:11 |t č. 26-51 + príl. |w 2026-02-21 |y PREZ |z Príl.: č. 31 - My kompas ; č. 34 - My vzdelanie a vzdelávanie ; č. 43 - My ako ušetriť ; č. 47- Česko ; č. 49- Žiarivé Vianoce ; | ||
| 952 | |0 0 |1 0 |4 0 |7 0 |a SNK |b SNK |d 2016-02-10 |i snkČSP 846/2003 |l 0 |o snkČSA 1016/13/2002 |p 17A1077836 |r 2026-02-21 22:02:21 |t č. 1-52 |w 2026-02-21 |y PREZ | ||
| 952 | |0 0 |1 0 |4 0 |7 0 |8 0 |a SNK |b SNK |d 2018-06-19 |i snk2018/13145 |l 0 |o snkČSA 1016/24/2013/2 |p 17A1326795 |r 2026-02-21 22:12:53 |t č. 27-51, neúplné |w 2026-02-21 |y PREZ |z Chýba č. 50-51 | ||
| 952 | |0 0 |1 0 |4 0 |7 0 |8 0 |a SNK |b SNK |d 2018-06-19 |i snk2018/13146 |l 0 |o snkČSA 1016/25/2014/1 |p 17A1326796 |r 2026-02-21 22:12:53 |t č. 1-26 |w 2026-02-21 |y PREZ | ||
| 952 | |0 0 |1 0 |4 0 |7 0 |8 0 |a SNK |b SNK |d 2018-06-19 |i snk2018/13147 |l 0 |o snkČSA 1016/25/2014/2 |p 17A1326797 |r 2026-02-21 22:12:53 |t č. 27-51 |w 2026-02-21 |y PREZ | ||
| 952 | |0 0 |1 0 |4 0 |7 0 |8 0 |a SNK |b SNK |d 2018-06-19 |i snk2018/13148 |l 0 |o snkČSA 1016/26/2015/1 |p 17A1326798 |r 2026-02-21 22:12:54 |t č. 1-26 |w 2026-02-21 |y PREZ | ||
| 952 | |0 0 |1 0 |4 0 |7 0 |8 0 |a SNK |b SNK |d 2018-06-19 |i snk2018/13151 |l 0 |o snkČSA 1016/26/2015/2 |p 17A1326799 |r 2026-02-21 22:12:54 |t č. 27-51 |w 2026-02-21 |y PREZ | ||
| 952 | |0 0 |1 0 |4 0 |7 0 |8 0 |a SNK |b SNK |d 2018-06-19 |i snk2018/13156 |l 0 |o snkČSA 1016/26[27]/2016/1 |p 17A1326800 |r 2026-02-21 22:12:54 |t č. 1-26 + príl. |w 2026-02-21 |y PREZ |z Príl.: Letný špeciál ; ; Chybný ročník | ||
| 952 | |0 0 |1 0 |4 0 |7 0 |8 0 |a SNK |b SNK |d 2018-06-19 |i snk2018/13172 |l 0 |o snkČSA 1016/26[27]/2016/2 |p 17A1326801 |r 2026-02-21 22:12:54 |t č. 27-51 + príl. |w 2026-02-21 |y PREZ |z Príl.: Letný špeciál ; ; Chybný ročník | ||
| 952 | |0 0 |1 0 |4 0 |7 0 |8 0 |a SNK |b SNK |d 2018-06-19 |i snk2018/13173 |l 0 |o snkČSA 1016/27[28]/2017/1 |p 17A1326802 |r 2026-02-21 22:12:54 |t č. 1-25 + príl. |w 2026-02-21 |y PREZ | ||
| 952 | |0 0 |1 0 |4 0 |7 0 |8 0 |a SNK |b SNK |d 2018-06-19 |i snk2018/13176 |l 0 |o snkČSA 1016/27[28]/2017/2 |p 17A1326803 |r 2026-02-21 22:12:54 |t č. 26-51 + príl. |w 2026-02-21 |y PREZ | ||
| 952 | |0 0 |1 0 |4 0 |7 0 |8 0 |a SNK |b SNK |d 2018-06-15 |i snk2018/12961 |l 0 |o snkČSA 1016/20/2009/1 |p 17A1326165 |r 2026-02-21 22:12:58 |t č. 0-26 |w 2026-02-21 |y PREZ | ||
| 952 | |0 0 |1 0 |4 0 |7 0 |8 0 |a SNK |b SNK |d 2018-06-15 |i snk2018/12970 |l 0 |o snkČSA 1016/20/2009/2 |p 17A1326787 |r 2026-02-21 22:12:58 |t č. 27-51 |w 2026-02-21 |y PREZ | ||
| 952 | |0 0 |1 0 |4 0 |7 0 |8 0 |a SNK |b SNK |d 2018-06-15 |i snk2018/13019 |l 0 |o snkČSA 1016/21/2010/1 |p 17A1326788 |r 2026-02-21 22:12:58 |t č. 1-26 |w 2026-02-21 |y PREZ | ||
| 952 | |0 0 |1 0 |4 0 |7 0 |8 0 |a SNK |b SNK |d 2018-06-15 |i snk2018/13023 |l 0 |o snkČSA 1016/21/2010/2 |p 17A1326789 |r 2026-02-21 22:12:59 |t č. 27-51 |w 2026-02-21 |y PREZ | ||
| 952 | |0 0 |1 0 |4 0 |7 0 |a SNK |b SNK |d 2018-06-13 |i snkČSP 5992/93 |l 0 |o snkČSA 1016/1991 |p 17A0819065 |r 2026-02-21 22:13:00 |t č. 1-52 |w 2026-02-21 |y PREZ | ||
| 952 | |0 0 |1 0 |4 0 |7 0 |a SNK |b SNK |d 2018-06-13 |i snkČSP 5458/93 |l 0 |o snkČSA 1016/3/1992 |p 17A0819067 |r 2026-02-21 22:13:00 |t č. 1-52 |w 2026-02-21 |y PREZ | ||
| 952 | |0 0 |1 0 |4 0 |7 0 |a SNK |b SNK |d 2018-06-13 |i snkČSP 765/94 |l 0 |o snkČSA 1016/4/1993 |p 17A0819068 |r 2026-02-21 22:13:00 |t č. 1-52 + príl. |w 2026-02-21 |y PREZ |z Silvestrovská príloha v č. 51-52 | ||
| 952 | |0 0 |1 0 |4 0 |7 0 |a SNK |b SNK |d 2018-06-13 |i snkČSP 1206/96 |l 0 |o snkČSA 1016/5/1994 |p 17A0819069 |r 2026-02-21 22:13:00 |t č. 1-52 |w 2026-02-21 |y PREZ | ||
| 952 | |0 0 |1 0 |4 0 |7 0 |a SNK |b SNK |d 2018-06-13 |i snkČSP 1208/96 |l 0 |o snkČSA 1016/6/1995 |p 17A0819070 |r 2026-02-21 22:13:00 |t č. 1-52 |w 2026-02-21 |y PREZ | ||
| 952 | |0 0 |1 0 |4 0 |7 0 |a SNK |b SNK |d 2018-06-13 |i snkČSP 1133/98 |l 0 |o snkČSA 1016/7/1996 |p 17A0819071 |r 2026-02-21 22:13:00 |t č. 1-52 + príl. |w 2026-02-21 |y PREZ |z Príloha: Život píše príbehy, Silvenster 96 | ||
| 952 | |0 0 |1 0 |4 0 |7 0 |a SNK |b SNK |d 2018-06-13 |i snkČSP 1094/98 |l 0 |o snkČSA 1016/8/1997 |p 17A0819072 |r 2026-02-21 22:13:00 |t č. 1-52 |w 2026-02-21 |y PREZ | ||
| 952 | |0 0 |1 0 |4 0 |7 0 |a SNK |b SNK |d 2018-06-13 |i snkČSP 3602/99 |l 0 |o snkČSA 1016/9/1998 |p 17A0819073 |r 2026-02-21 22:13:00 |t č. 1-52 |w 2026-02-21 |y PREZ | ||
| 952 | |0 0 |1 0 |4 0 |7 0 |a SNK |b SNK |d 2018-06-13 |i snkČSP 2645/2001 |l 0 |o snkČSA 1016/10/1999 |p 17A0819074 |r 2026-02-21 22:13:00 |t č. 1-52 + príl. |w 2026-02-21 |y PREZ |z Od č. 37/1999 zmena formátu ; ; Príloha: Občianske listy | ||
| 952 | |0 0 |1 0 |4 0 |7 0 |a SNK |b SNK |d 2018-06-13 |i snkČSP 2643/2001 |l 0 |o snkČSA 1016/11/2000 |p 17A0819075 |r 2026-02-21 22:13:00 |t č. 1-52 + príl. |w 2026-02-21 |y PREZ |z Príloha: Čítanie pe každého | ||
| 952 | |0 0 |1 0 |4 0 |7 0 |a SNK |b SNK |d 2018-06-13 |i snkČSP 602/2003 |l 0 |o snkČSA 1016/12/2001 |p 17A0830012 |r 2026-02-21 22:13:00 |t č. 1-52 + príl. |w 2026-02-21 |y PREZ | ||
| 952 | |0 0 |1 0 |4 0 |7 0 |8 0 |a SNK |b SNK |d 2018-06-18 |i snk2018/13068 |l 0 |o snkČSA 1016/22/2011/1 |p 17A1326790 |r 2026-02-21 22:13:11 |t č. 1-26 + príl. |w 2026-02-21 |y PREZ | ||
| 952 | |0 0 |1 0 |4 0 |7 0 |8 0 |a SNK |b SNK |d 2018-06-18 |i snk2018/13070 |l 0 |o snkČSA 1016/22/2011/2 |p 17A1326791 |r 2026-02-21 22:13:11 |t č. 27-51 + príl. |w 2026-02-21 |y PREZ | ||
| 952 | |0 0 |1 0 |4 0 |7 0 |8 0 |a SNK |b SNK |d 2018-06-18 |i snk2018/13089 |l 0 |o snkČSA 1016/23/2012/1 |p 17A1326792 |r 2026-02-21 22:13:12 |t č. 1-26 |w 2026-02-21 |y PREZ | ||
| 952 | |0 0 |1 0 |4 0 |7 0 |8 0 |a SNK |b SNK |d 2018-06-18 |i snk2018/13090 |l 0 |o snkČSA 1016/23/2012/2 |p 17A1326793 |r 2026-02-21 22:13:12 |t č. 27-51 |w 2026-02-21 |y PREZ | ||
| 952 | |0 0 |1 0 |4 0 |7 0 |8 0 |a SNK |b SNK |d 2018-06-18 |i snk2018/13097 |l 0 |o snkČSA 1016/24/2013/1 |p 17A1326794 |r 2026-02-21 22:13:12 |t č. 1-26 |w 2026-02-21 |y PREZ | ||
| 952 | |0 0 |1 0 |4 0 |7 0 |8 0 |a SNK |b SNK |d 2020-10-27 |i snk2020/19798 |l 0 |o snkČSA 1016/31/2020/1 |p 17A1431943 |r 2026-02-21 22:23:27 |t č. 1-26 + 3 príl. |w 2026-02-21 |y PREZ |z Príl.: My: Vzdelávanie v č. 4 ; Leto na Slovensku v č. 24 ; Česko v č. 26 | ||


